Joueurs équipe de France 2020-2029 (Football H) - Statistiques

Statistiques générales
  • Ce quiz a été pris 385 fois
  • Le résultat moyen est 23 sur 40
Statistiques - réponses
Nb Apparitions Joueurs % Correct
17 Kylian Mbappé
96%
22 Antoine Griezmann
95%
20 Hugo Lloris
94%
13 Olivier Giroud
92%
11 N'Golo Kanté
89%
20 Paul Pogba
89%
12 Lucas Hernandez
88%
19 Raphael Varane
88%
3 Théo Hernandez
88%
13 Benjamin Pavard
85%
11 Karim Benzema
83%
2 Steve Mandanda
78%
6 Ousmane Dembélé
77%
1 Mike Maignan
76%
12 Kingsley Coman
75%
16 Adrien Rabiot
73%
5 Aurélien Tchouameni
72%
3 Edouardo Camavinga
64%
4 Dayot Upamecano
63%
16 Presnel Kimpembe
63%
5 Jules Koundé
62%
3 Ferland Mendy
53%
7 Corentin Tolisso
50%
12 Lucas Digne
49%
4 Marcus Thuram
49%
7 Wissam Ben Yedder
48%
4 Jordan Veretout
40%
9 Léo Dubois
40%
1 Nabil Fekir
40%
5 Thomas Lemar
39%
7 Clément Lenglet
38%
2 Moussa Diaby
38%
12 Anthony Martial
35%
9 Moussa Sissoko
35%
6 Steven Nzonzi
29%
1 Houssem Aouar
23%
5 Kurt Zouma
22%
1 Tanguy Ndombele
17%
1 Ruben Aguilar
11%
1 Nordi Moukiele
0%
Aucun quiz correspondant
Distribution des résultats
% des personnes avec chaque résultat
Percentile par nombre de réponses
Votre historique - résultats
Vous n’avez pas pris ce quiz